Comaprative analysis of the animal products consumption in developing countries: the case study of the South Asian countries

LA/AIDS model pre výpočet výdavkovej elasticity na živočíšne produkty obyvateľov Indie, Bangladéšu a Pakistanu. Hodnotenie opatrení vlád pre nízkopríjmové skupiny obyvateľstva neschopné zabezpečiť optimálne množstvo výživy.

Guardado en:
Detalles Bibliográficos
Autor principal: Yaseen, Muhammad Rizwan
Otros Autores: Qaiser, Imran, Kousar, Nabeela
Formato: Capítulo de libro
Lenguaje:inglés
Materias:
Etiquetas: Agregar Etiqueta
Sin Etiquetas, Sea el primero en etiquetar este registro!

MARC

LEADER 00000naa a2200000 4500
001 0206613
005 20231211072005.7
041 0 |a eng 
044 |a CZ 
245 1 0 |a Comaprative analysis of the animal products consumption in developing countries: the case study of the South Asian countries  |c Muhammad Rizwan Yaseen 
520 |a LA/AIDS model pre výpočet výdavkovej elasticity na živočíšne produkty obyvateľov Indie, Bangladéšu a Pakistanu. Hodnotenie opatrení vlád pre nízkopríjmové skupiny obyvateľstva neschopné zabezpečiť optimálne množstvo výživy. 
610 2 0 |a južná Ázia 
610 2 0 |a analýza komparatívna 
610 2 0 |a výrobky živočíšne 
610 2 0 |a spotreba domácností 
610 2 0 |a pružnosť cenová 
610 2 0 |a výživa 
100 1 |a Yaseen, Muhammad Rizwan 
700 1 |a Qaiser, Imran 
700 1 |a Kousar, Nabeela